000 00487nam a22001817a 4500
003 CEME
005 20210628201826.0
008 210222b xxu||||| |||| 00| 0 eng d
020 _a0-08-034737-1
040 _c.
082 _a623-BRA EVA
100 _aEvans, Michael
_956974
245 _aAmphibious operations, the projection of sea power ashore
260 _aLONDON
_bBRASSEY'S
_c1990
300 _aXX,218P
650 _a AMPHIBIOUS WARFARE SEA CONTROL
_956975
942 _cBK
_2ddc
999 _c567298
_d567298